000 00676nam a2200229Ia 4500
003 OSt
005 20220926022931.0
006 a|||||r|||| 00| 0
007 ta
008 220923b |||||||| |||| 00| 0 eng d
037 _cGeneral Book
040 _aRTL
_cRTL
_beng
041 _2eng
_aeng
082 _aU25, N2
100 _aPinet Paul R Au.
_9328434
245 0 _aOceanography
_b An introduction to the plnet oceanus
260 _aNew York
_bWest Publication U S A
_c1992
300 _axvi,571p. Appendix p. 521-32 Glossary p. 533-51
_ccm.
650 _aOceanography
942 _hU25, N2
_cGB
_2CC
999 _c640595
_d640595